000 00438nam a2200157 i 4500
001 39921
003 ES-MaACL
005 20230906160113.0
007 t|
008 030304s1946 sp ||||1| spa d
100 1 _aCandil y Calvo, Francisco.
_934468
245 1 3 _aLa claúsula vebus sic stantibus /
_cF. Candil.
260 _aMadrid :
_b[s.n.,
_c1946] (
_fEscelicer)
300 _a154 p. ;
_c20 cm.
852 _aES-MaACL
_jC-3947
_bR.23495
999 _c39921
_d39921